[Event "GBR-ch111 Major Open"]
[Site "Liverpool"]
[Date "2025.08.06"]
[Round "5.4"]
[White "Wall, Tim P"]
[Black "Schell, Finn"]
[Result "1-0"]
[WhiteElo "2158"]
[BlackElo "1956"]
[PlyCount "45"]
[EventDate "2025.08.02"]
[EventType "swiss"]
[EventRounds "9"]
[EventCountry "GBR"]
[SourceTitle "BritBase"]
[Source "John Saunders"]
[SourceDate "2025.08.11"]
[SourceVersion "1"]
[SourceVersionDate "2025.08.11"]
[SourceQuality "1"]

1. e4 c6 2. d4 d5 3. e5 c5 4. Nf3 cxd4 5. Qxd4 Nc6 6. Qf4 e6 7. Nc3 Nb4 8. Qd2 a6 9. a3 Nc6 10. Bd3 Nge7 11. O-O Ng6 12. Bxg6 hxg6 13. Qf4 Be7 14. h3 g5 15. Qg3 f6 16. Re1 Nxe5 17. Nxe5 fxe5 18. Rxe5 Bd6 19. Bxg5 Bxe5 20. Qxe5 Qd7 21. Nxd5 O-O 22. Nb6 Qf7 23. Nxa8 1-0

[Event "GBR-ch111 Major Open"]
[Site "Liverpool"]
[Date "2025.08.06"]
[Round "5.5"]
[White "Rushbrooke, Remy"]
[Black "Sieczkowski, Adam"]
[Result "1-0"]
[WhiteElo "2090"]
[BlackElo "1806"]
[PlyCount "111"]
[EventDate "2025.08.02"]
[EventType "swiss"]
[EventRounds "9"]
[EventCountry "GBR"]
[SourceTitle "BritBase"]
[Source "John Saunders"]
[SourceDate "2025.08.11"]
[SourceVersion "1"]
[SourceVersionDate "2025.08.11"]
[SourceQuality "1"]

1. Nf3 d5 2. g3 c5 3. Bg2 Nf6 4. O-O e6 5. c4 d4 6. e3 Nc6 7. exd4 cxd4 8. d3 Be7 9. Bg5 Qb6 10. Na3 O-O 11. Rb1 Nb4 12. Nb5 Nxa2 13. Nbxd4 Nb4 14. Nc2 Rd8 15. Nxb4 Qxb4 16. Qe2 a5 17. d4 Bd7 18. Ne5 Ba4 19. b3 Be8 20. Rfd1 Qb6 21. Be3 Qc7 22. Bf4 Qc8 23. h4 Nd7 24. Ng4 Nf6 25. h5 Nxg4 26. Qxg4 Bf6 27. h6 Rxd4 28. Rxd4 Bxd4 29. Rd1 f5 30. Qe2 Bf6 31. Be5 Bh5 32. Qxh5 Bxe5 33. Qe2 Bf6 34. Rd6 Ra6 35. Bxb7 Qxb7 36. Qxe6+ Qf7 37. Qc8+ Qf8 38. Qxf8+ Kxf8 39. Rxa6 Bc3 40. Ra8+ Kf7 41. Ra7+ Kg6 42. hxg7 Bxg7 43. Rxa5 Bc3 44. Rd5 Kf6 45. c5 Ke6 46. c6 Kxd5 47. c7 Bd4 48. c8=Q Ke4 49. Qe6+ Kf3 50. Qxf5+ Ke2 51. Qe4+ Kd1 52. Qxd4+ Ke1 53. Qd3 h5 54. Kg2 h4 55. Kf3 h3 56. Qe2# 1-0

[Event "GBR-ch111 Major Open"]
[Site "Liverpool"]
[Date "2025.08.06"]
[Round "5.6"]
[White "Quaite, Toby"]
[Black "Raju, Sooraj Menothuparam"]
[Result "1-0"]
[WhiteElo "1988"]
[BlackElo "2119"]
[PlyCount "47"]
[EventDate "2025.08.02"]
[EventType "swiss"]
[EventRounds "9"]
[EventCountry "GBR"]
[SourceTitle "BritBase"]
[Source "John Saunders"]
[SourceDate "2025.08.11"]
[SourceVersion "1"]
[SourceVersionDate "2025.08.11"]
[SourceQuality "1"]

1. e4 Nf6 2. e5 Nd5 3. d4 d6 4. Nf3 g6 5. Bc4 Nb6 6. Bb3 Bg7 7. a4 a5 8. Ng5 e6 9. f4 dxe5 10. fxe5 c5 11. Qf3 O-O 12. Qh3 h6 13. Nf3 c4 14. Bxh6 f6 15. Ba2 Nc6 16. Nc3 fxe5 17. Bxg7 Kxg7 18. dxe5 Nb4 19. O-O Bd7 20. Ne4 Qe7 21. Nfg5 Rh8 22. Qg3 Raf8 23. Rf6 Qe8 24. Nd6 1-0

[Event "GBR-ch111 Major Open"]
[Site "Liverpool"]
[Date "2025.08.06"]
[Round "5.7"]
[White "Welling, Zac"]
[Black "Jaunooby, Ali Reza"]
[Result "0-1"]
[WhiteElo "1970"]
[BlackElo "2082"]
[PlyCount "86"]
[EventDate "2025.08.02"]
[EventType "swiss"]
[EventRounds "9"]
[EventCountry "GBR"]
[SourceTitle "BritBase"]
[Source "John Saunders"]
[SourceDate "2025.08.11"]
[SourceVersion "1"]
[SourceVersionDate "2025.08.11"]
[SourceQuality "1"]

1. Nf3 Nf6 2. c4 c6 3. g3 d5 4. b3 g6 5. Bg2 Bg7 6. Bb2 O-O 7. O-O Nbd7 8. d3 Re8 9. Nbd2 e5 10. cxd5 cxd5 11. e4 b5 12. exd5 Nxd5 13. Ne4 Qb6 14. Rc1 Bb7 15. Qc2 Bh6 16. Rcd1 Rac8 17. Qb1 f5 18. Neg5 Bg7 19. h4 h6 20. Nh3 Nc3 21. Bxc3 Rxc3 22. Ne1 Rec8 23. b4 Nf6 24. a4 bxa4 25. Qa2+ Rb3 26. Qxa4 Rxb4 27. Qa2+ Kh7 28. Nf3 Bxf3 29. Bxf3 Rb2 30. Qa4 Rcc2 31. Ra1 Rc7 32. Kg2 e4 33. dxe4 fxe4 34. Bd1 Nd5 35. Qxe4 Ne3+ 36. Kg1 Nxf1 37. Kxf1 Rb4 38. Qh1 Bxa1 39. Ng5+ Kg7 40. Qd5 hxg5 41. hxg5 Rf7 42. Bf3 Rb3 43. Qe5+ Bxe5 0-1

[Event "GBR-ch111 Major Open"]
[Site "Liverpool"]
[Date "2025.08.06"]
[Round "5.8"]
[White "Buckland, Louis"]
[Black "Sefton, Adam"]
[Result "0-1"]
[WhiteElo "1961"]
[BlackElo "2074"]
[PlyCount "106"]
[EventDate "2025.08.02"]
[EventType "swiss"]
[EventRounds "9"]
[EventCountry "GBR"]
[SourceTitle "BritBase"]
[Source "John Saunders"]
[SourceDate "2025.08.11"]
[SourceVersion "1"]
[SourceVersionDate "2025.08.11"]
[SourceQuality "1"]

1. d4 Nf6 2. c4 e6 3. g3 c5 4. d5 exd5 5. cxd5 d6 6. Nc3 g6 7. Nf3 Bg7 8. Bg2 O-O 9. O-O Re8 10. Bf4 Na6 11. Nd2 Nh5 12. e4 Nxf4 13. gxf4 Qh4 14. Qf3 Bh6 15. Qg3 Qxf4 16. Nc4 Rd8 17. Nb5 Qxg3 18. hxg3 Bf8 19. f4 Bg4 20. Rae1 Nb4 21. a3 Nc2 22. Rc1 Nd4 23. Nxd4 cxd4 24. Bf3 Bxf3 25. Rxf3 Rac8 26. Rff1 Re8 27. Rfe1 b5 28. Nd2 Bg7 29. Rxc8 Rxc8 30. e5 Re8 31. Nf3 d3 32. Kf2 dxe5 33. fxe5 d2 34. Rd1 Bxe5 35. Rxd2 Bf6 36. b3 h5 37. Rc2 Rd8 38. Rc5 a6 39. a4 Be7 40. Rc6 bxa4 41. bxa4 a5 42. Rc7 Bb4 43. Ke3 Rxd5 44. Ke4 Rd1 45. Ne5 Bd6 46. Rc8+ Kg7 47. Nc6 Ra1 48. Nxa5 Rxa4+ 49. Nc4 Bxg3 50. Kf3 h4 51. Ne3 f5 52. Rc3 Kh6 53. Kg2 Ra2+ 0-1

[Event "GBR-ch111 Major Open"]
[Site "Liverpool"]
[Date "2025.08.06"]
[Round "5.9"]
[White "Norris, Zack"]
[Black "De Silva, Sithun"]
[Result "1-0"]
[WhiteElo "2036"]
[BlackElo "1817"]
[PlyCount "59"]
[EventDate "2025.08.02"]
[EventType "swiss"]
[EventRounds "9"]
[EventCountry "GBR"]
[SourceTitle "BritBase"]
[Source "John Saunders"]
[SourceDate "2025.08.11"]
[SourceVersion "1"]
[SourceVersionDate "2025.08.11"]
[SourceQuality "1"]

1. Nf3 c6 2. g3 d5 3. Bg2 g6 4. O-O Bg7 5. d3 e5 6. c4 Ne7 7. Na3 O-O 8. Rb1 a5 9. Nc2 Na6 10. b3 h6 11. Bb2 Qc7 12. e4 dxe4 13. dxe4 Rd8 14. Qe2 Nb4 15. c5 Nxc2 16. Qxc2 Be6 17. Nd2 a4 18. Nc4 axb3 19. axb3 Bxc4 20. Qxc4 Nc8 21. f4 b5 22. Qc3 f6 23. b4 exf4 24. gxf4 g5 25. fxg5 hxg5 26. Rxf6 Rd7 27. Rbf1 Na7 28. Qb3+ Kh7 29. Rf7 Rg8 30. Qh3+ 1-0

[Event "GBR-ch111 Major Open"]
[Site "Liverpool"]
[Date "2025.08.06"]
[Round "5.10"]
[White "Davis, Colin J"]
[Black "Green, Michael"]
[Result "1-0"]
[WhiteElo "1955"]
[BlackElo "2009"]
[PlyCount "51"]
[EventDate "2025.08.02"]
[EventType "swiss"]
[EventRounds "9"]
[EventCountry "GBR"]
[SourceTitle "BritBase"]
[Source "John Saunders"]
[SourceDate "2025.08.11"]
[SourceVersion "1"]
[SourceVersionDate "2025.08.11"]
[SourceQuality "1"]

1. Nf3 d5 2. e3 c6 3. c4 Nf6 4. Nc3 a6 5. b3 h6 6. Qc2 Bg4 7. Ne5 Qc8 8. Bd3 Qe6 9. Nxg4 Qxg4 10. O-O e6 11. cxd5 exd5 12. Bf5 Qh4 13. e4 g6 14. Bc8 dxe4 15. g3 Qh5 16. Nxe4 Nxe4 17. Qxe4+ Be7 18. Bb2 f5 19. Qe6 Rf8 20. Rfe1 Rf7 21. Bxb7 Nd7 22. Bxa8 f4 23. Bxc6 Kf8 24. Qxd7 Kg8 25. Rxe7 fxg3 26. Qe8+ 1-0

[Event "GBR-ch111 Major Open"]
[Site "Liverpool"]
[Date "2025.08.06"]
[Round "5.11"]
[White "Lee, Alexandre KM"]
[Black "Keerthi Kumar, Advait"]
[Result "1-0"]
[WhiteElo "2006"]
[BlackElo "1878"]
[PlyCount "101"]
[EventDate "2025.08.02"]
[EventType "swiss"]
[EventRounds "9"]
[EventCountry "GBR"]
[SourceTitle "BritBase"]
[Source "John Saunders"]
[SourceDate "2025.08.11"]
[SourceVersion "1"]
[SourceVersionDate "2025.08.11"]
[SourceQuality "1"]

1. e4 Nf6 2. e5 Nd5 3. d4 d6 4. c4 Nb6 5. exd6 cxd6 6. Nf3 g6 7. h3 Bg7 8. Nc3 Nc6 9. Be2 O-O 10. O-O Bf5 11. d5 Ne5 12. Nxe5 Bxe5 13. Bh6 Bg7 14. Bxg7 Kxg7 15. Qd4+ Kg8 16. Rac1 Rc8 17. b3 Qc7 18. Bf3 Qc5 19. Qd2 Qb4 20. Rfe1 Rfe8 21. Re3 a5 22. Qe2 a4 23. Nb5 axb3 24. axb3 e5 25. Qe1 Qxe1+ 26. Rcxe1 Rcd8 27. Bd1 Kf8 28. g4 Bc8 29. g5 h6 30. h4 hxg5 31. hxg5 Ke7 32. f4 f6 33. gxf6+ Kxf6 34. Nxd6 Re7 35. fxe5+ Kg7 36. Nxc8 Nxc8 37. Bg4 Nb6 38. d6 Ree8 39. Rd1 Nd7 40. e6 Nf6 41. Bh3 b5 42. e7 Ra8 43. d7 Nxd7 44. Bxd7 bxc4 45. bxc4 g5 46. Bxe8 Rxe8 47. Rd8 g4 48. Rxe8 g3 49. Rf8 Kh6 50. Rxg3 Kh7 51. Rf2 1-0

[Event "GBR-ch111 Major Open"]
[Site "Liverpool"]
[Date "2025.08.06"]
[Round "5.12"]
[White "Nasiri, Fahim"]
[Black "Rich, Aaron"]
[Result "1/2-1/2"]
[WhiteElo "2252"]
[BlackElo "1944"]
[PlyCount "108"]
[EventDate "2025.08.02"]
[EventType "swiss"]
[EventRounds "9"]
[EventCountry "GBR"]
[SourceTitle "BritBase"]
[Source "John Saunders"]
[SourceDate "2025.08.11"]
[SourceVersion "1"]
[SourceVersionDate "2025.08.11"]
[SourceQuality "1"]

1. e4 c5 2. Nf3 Nc6 3. d4 cxd4 4. Nxd4 g6 5. c4 Bg7 6. Be3 Qb6 7. Nb5 Qa5+ 8. N1c3 Nf6 9. f3 d6 10. Qd2 a6 11. Nd4 O-O 12. Be2 Nxd4 13. Bxd4 Be6 14. Rc1 Rac8 15. b3 h5 16. a4 Kh7 17. Be3 Nd7 18. O-O Nc5 19. Bd1 Qb4 20. Qc2 b5 21. axb5 Bxc3 22. Qxc3 Qxc3 23. Rxc3 axb5 24. cxb5 Nxb3 25. Rxc8 Rxc8 26. Bxb3 Bxb3 27. Rb1 Bc2 28. Rb2 Bd3 29. Ba7 Rc7 30. b6 Rb7 31. Rd2 Ba6 32. Ra2 Bd3 33. Ra3 Bb5 34. Rc3 Kg7 35. Kf2 Kf6 36. Ke3 Ke6 37. Kd4 f6 38. f4 Kd7 39. Rg3 e5+ 40. fxe5 fxe5+ 41. Ke3 Kc6 42. Rxg6 Rh7 43. g3 Ba4 44. h3 Bb5 45. Rf6 Bc4 46. Rf8 Be6 47. h4 Rg7 48. Rf6 Bc4 49. Kf3 Rf7 50. Rf5 Be6 51. Rxf7 Bxf7 52. g4 Kb7 53. g5 Bg6 54. Ke3 Bh7 1/2-1/2

[Event "GBR-ch111 Major Open"]
[Site "Liverpool"]
[Date "2025.08.06"]
[Round "5.13"]
[White "Varnam, Liam D"]
[Black "Zhu, Pengxiao"]
[Result "1-0"]
[WhiteElo "2105"]
[BlackElo "1938"]
[PlyCount "79"]
[EventDate "2025.08.02"]
[EventType "swiss"]
[EventRounds "9"]
[EventCountry "GBR"]
[SourceTitle "BritBase"]
[Source "John Saunders"]
[SourceDate "2025.08.11"]
[SourceVersion "1"]
[SourceVersionDate "2025.08.11"]
[SourceQuality "1"]

1. e4 e5 2. Nf3 Nc6 3. Bb5 a6 4. Ba4 Nf6 5. O-O b5 6. Bb3 Bc5 7. a4 Rb8 8. c3 d6 9. d4 Bb6 10. a5 Ba7 11. h3 O-O 12. Be3 Re8 13. Ng5 Rf8 14. Re1 h6 15. Nf3 exd4 16. cxd4 Nb4 17. Nc3 c5 18. dxc5 dxc5 19. e5 Nh7 20. Qe2 Qe7 21. Nd5 Nxd5 22. Bxd5 Rd8 23. Be4 Nf8 24. Bf4 Ne6 25. Bg3 Bb7 26. Bb1 Nd4 27. Nxd4 Rxd4 28. Qc2 g6 29. e6 f5 30. Ba2 Rbd8 31. Rad1 c4 32. Rxd4 Bxd4 33. Qd2 Qg5 34. e7 Bxf2+ 35. Qxf2 Re8 36. Bh4 Qh5 37. Bb1 Bd5 38. Bf6 Bf7 39. Bc3 Qg5 40. Qd4 1-0

[Event "GBR-ch111 Major Open"]
[Site "Liverpool"]
[Date "2025.08.06"]
[Round "5.14"]
[White "Arnott, Jonathan W"]
[Black "Sharma, Josh"]
[Result "0-1"]
[WhiteElo "2079"]
[BlackElo "1925"]
[PlyCount "124"]
[EventDate "2025.08.02"]
[EventType "swiss"]
[EventRounds "9"]
[EventCountry "GBR"]
[SourceTitle "BritBase"]
[Source "John Saunders"]
[SourceDate "2025.08.11"]
[SourceVersion "1"]
[SourceVersionDate "2025.08.11"]
[SourceQuality "1"]

1. e4 e5 2. Nf3 Nc6 3. Bc4 Nf6 4. d4 exd4 5. e5 d5 6. Bb5 Nd7 7. O-O Be7 8. e6 fxe6 9. Bxc6 bxc6 10. Nxd4 Bd6 11. Qh5+ g6 12. Qh6 Qf6 13. Nxc6 Nc5 14. Nc3 Bd7 15. Bg5 Qf8 16. Nd4 Qxh6 17. Bxh6 Rb8 18. Nb3 Na4 19. Nxa4 Bxa4 20. Bg7 Rg8 21. Bd4 a6 22. Rfe1 Kd7 23. Re3 Bxb3 24. axb3 c5 25. Be5 Bxe5 26. Rxe5 Rb6 27. Ra4 Kd6 28. Re1 e5 29. Rea1 Ra8 30. Kf1 c4 31. bxc4 dxc4 32. R1a2 Kc5 33. Ra5+ Kd4 34. c3+ Ke4 35. f3+ Kf5 36. f4 Kxf4 37. Rc5 Rab8 38. Rxc4+ Ke3 39. b4 Rf8+ 40. Kg1 Kd3 41. Rc7 e4 42. Rxh7 Re6 43. Rd7+ Kxc3 44. Rc7+ Kb3 45. Re2 e3 46. Rc1 Rf4 47. g3 Rxb4 48. Kg2 a5 49. Kf3 a4 50. Rb1+ Kc3 51. Rc1+ Kd3 52. Rd1+ Kc3 53. Rc1+ Kb3 54. Rb1+ Kc4 55. Rc1+ Kb5 56. Rc8 a3 57. Rxe3 Rxe3+ 58. Kxe3 a2 59. Rb8+ Kc4 60. Ra8 Kb3 61. Kd3 Ra4 62. Rb8+ Ka3 0-1

[Event "GBR-ch111 Major Open"]
[Site "Liverpool"]
[Date "2025.08.06"]
[Round "5.15"]
[White "Bhatia, Kanishka"]
[Black "Lee, Yuk Hei"]
[Result "1-0"]
[WhiteElo "2067"]
[BlackElo "1868"]
[PlyCount "93"]
[EventDate "2025.08.02"]
[EventType "swiss"]
[EventRounds "9"]
[EventCountry "GBR"]
[SourceTitle "BritBase"]
[Source "John Saunders"]
[SourceDate "2025.08.11"]
[SourceVersion "1"]
[SourceVersionDate "2025.08.11"]
[SourceQuality "1"]

1. d4 d5 2. c4 c6 3. cxd5 cxd5 4. Nf3 Nf6 5. Nc3 a6 6. Bf4 Nc6 7. h3 Bf5 8. e3 Qb6 9. Be2 Qxb2 10. Rc1 e6 11. O-O Ba3 12. Qa4 Qb4 13. Qxb4 Nxb4 14. Bd6 Nc2 15. Bxa3 Nxa3 16. Ne5 O-O 17. Na4 b5 18. Nc5 Nc4 19. g4 Bg6 20. h4 h5 21. Nxg6 fxg6 22. g5 Ne4 23. Nxe4 dxe4 24. Bxc4 bxc4 25. Rxc4 Rfb8 26. Rfc1 a5 27. a4 Rb4 28. Kg2 Rab8 29. Kg3 Rxc4 30. Rxc4 Rb4 31. Rc6 Rxa4 32. Rxe6 Ra1 33. Ra6 a4 34. Kf4 Rf1 35. Kxe4 Rxf2 36. Rxa4 Rh2 37. Ke5 Kh7 38. d5 Rd2 39. Rd4 Rf2 40. e4 Rh2 41. d6 Re2 42. d7 Re1 43. d8=N Rf1 44. Ne6 Rf2 45. Rd7 Ra2 46. Rxg7+ Kh8 47. Rxg6 1-0

[Event "GBR-ch111 Major Open"]
[Site "Liverpool"]
[Date "2025.08.06"]
[Round "5.16"]
[White "Vadalia, Jainill"]
[Black "Peart, Alan"]
[Result "1-0"]
[WhiteElo "1929"]
[BlackElo "2065"]
[PlyCount "73"]
[EventDate "2025.08.02"]
[EventType "swiss"]
[EventRounds "9"]
[EventCountry "GBR"]
[SourceTitle "BritBase"]
[Source "John Saunders"]
[SourceDate "2025.08.11"]
[SourceVersion "1"]
[SourceVersionDate "2025.08.11"]
[SourceQuality "1"]

1. d4 f5 2. c4 e6 3. g3 Nf6 4. Bg2 Be7 5. Nf3 O-O 6. O-O d6 7. Qc2 Nc6 8. Nc3 e5 9. dxe5 dxe5 10. e4 Nd4 11. Qb1 Nxf3+ 12. Bxf3 f4 13. gxf4 exf4 14. e5 Ng4 15. Qe4 c6 16. Ne2 Bc5 17. e6 Nxf2 18. Rxf2 Qb6 19. Bxf4 Bxf2+ 20. Kg2 Bh4 21. Be3 Qd8 22. Nf4 Bg5 23. Bh5 Qf6 24. Bf7+ Kh8 25. Rf1 Qe7 26. Rf3 Bh6 27. Ng6+ hxg6 28. Bxh6 gxh6 29. Qe5+ Kh7 30. Rf6 Rg8 31. Bxg8+ Kxg8 32. Rxg6+ Kh7 33. Qf5 Bd7 34. exd7 Rg8 35. Rxg8+ Kxg8 36. Qg6+ Kf8 37. Qxh6+ 1-0

[Event "GBR-ch111 Major Open"]
[Site "Liverpool"]
[Date "2025.08.06"]
[Round "5.17"]
[White "McCarthy, Damian M"]
[Black "Pilley, Jack"]
[Result "0-1"]
[WhiteElo "1924"]
[BlackElo "2032"]
[PlyCount "110"]
[EventDate "2025.08.02"]
[EventType "swiss"]
[EventRounds "9"]
[EventCountry "GBR"]
[SourceTitle "BritBase"]
[Source "John Saunders"]
[SourceDate "2025.08.11"]
[SourceVersion "1"]
[SourceVersionDate "2025.08.11"]
[SourceQuality "1"]

1. e4 c6 2. d4 d5 3. exd5 cxd5 4. Bd3 Nc6 5. c3 Nf6 6. Bf4 Bg4 7. Qb3 Qd7 8. Nd2 e6 9. Ngf3 Bd6 10. Bxd6 Qxd6 11. O-O O-O 12. Rae1 Rab8 13. Ne5 Bh5 14. a4 a6 15. f4 Rfc8 16. Qb6 Qc7 17. Qxc7 Rxc7 18. h3 Nxe5 19. fxe5 Nd7 20. g4 Bg6 21. Bxg6 hxg6 22. Re3 b5 23. axb5 Rxb5 24. b3 Ra5 25. c4 Ra2 26. Rf2 Nb6 27. c5 Nc8 28. Nf3 Ra1+ 29. Rf1 Ra3 30. Ng5 Na7 31. Rf4 Nc6 32. Ref3 Nd8 33. Rd3 Kf8 34. Rf2 Ke7 35. Rdf3 Ke8 36. Rd3 Rb7 37. Rff3 Nc6 38. Kg2 a5 39. Kf2 a4 40. bxa4 Rxa4 41. Ke3 Nd8 42. h4 Ke7 43. h5 gxh5 44. gxh5 Ra2 45. Rf2 Ra1 46. Rg2 Rh1 47. Nf3 Rxh5 48. Rxg7 Rh1 49. Rg1 Rh3 50. Ra1 Nc6 51. Ra4 f6 52. exf6+ Kxf6 53. Rda3 Kf5 54. Rd3 Kg4 55. Ke2 Rxf3 0-1

[Event "GBR-ch111 Major Open"]
[Site "Liverpool"]
[Date "2025.08.06"]
[Round "5.18"]
[White "Rughani, Mahin"]
[Black "Potter, John M"]
[Result "0-1"]
[WhiteElo "1906"]
[BlackElo "2015"]
[PlyCount "48"]
[EventDate "2025.08.02"]
[EventType "swiss"]
[EventRounds "9"]
[EventCountry "GBR"]
[SourceTitle "BritBase"]
[Source "John Saunders"]
[SourceDate "2025.08.11"]
[SourceVersion "1"]
[SourceVersionDate "2025.08.11"]
[SourceQuality "1"]

1. d4 Nf6 2. c4 g6 3. f3 Bg7 4. e4 d6 5. Nc3 c6 6. Be3 a6 7. e5 Nfd7 8. exd6 exd6 9. Qd2 O-O 10. O-O-O b5 11. h4 Nb6 12. h5 bxc4 13. Bh6 Bxh6 14. Qxh6 g5 15. g4 f6 16. Nh3 d5 17. f4 Ra7 18. Be2 Rg7 19. Rhf1 Qe7 20. Kc2 Na4 21. Rde1 Nxc3 22. fxg5 Nxe2 23. gxf6 Qe4+ 24. Kd1 Qd3+ 0-1

[Event "GBR-ch111 Major Open"]
[Site "Liverpool"]
[Date "2025.08.06"]
[Round "5.19"]
[White "Vashisht-Pigem, Raman"]
[Black "Gupta, Leonardo"]
[Result "0-1"]
[WhiteElo "1981"]
[BlackElo "1885"]
[PlyCount "86"]
[EventDate "2025.08.02"]
[EventType "swiss"]
[EventRounds "9"]
[EventCountry "GBR"]
[SourceTitle "BritBase"]
[Source "John Saunders"]
[SourceDate "2025.08.11"]
[SourceVersion "1"]
[SourceVersionDate "2025.08.11"]
[SourceQuality "1"]

1. e4 c5 2. Nf3 d6 3. Bb5+ Bd7 4. Bxd7+ Nxd7 5. O-O Ngf6 6. Re1 e6 7. c3 Be7 8. d4 O-O 9. e5 Ne8 10. Bf4 cxd4 11. cxd4 dxe5 12. dxe5 Nc7 13. Nc3 Nb6 14. Qb3 Ncd5 15. Red1 Qb8 16. Bg3 Nxc3 17. Qxc3 Nd5 18. Qb3 a6 19. Rac1 Rc8 20. Nd2 Rxc1 21. Rxc1 Bg5 22. Rc2 Bxd2 23. Rxd2 b5 24. Rc2 Ra7 25. h4 Rc7 26. h5 h6 27. a4 Rxc2 28. Qxc2 bxa4 29. Qxa4 Qxb2 30. Qe8+ Kh7 31. Qxf7 Qb1+ 32. Kh2 Qf5 33. Qxf5+ exf5 34. e6 Kg8 35. Kh3 f4 36. e7 Kf7 37. Bh2 Kxe7 38. g3 a5 39. gxf4 Ke6 40. Kg4 Nf6+ 41. Kf3 a4 42. f5+ Kxf5 43. Bd6 Nxh5 0-1

[Event "GBR-ch111 Major Open"]
[Site "Liverpool"]
[Date "2025.08.06"]
[Round "5.20"]
[White "Thomas, James"]
[Black "Vaddhireddy, Sai"]
[Result "1/2-1/2"]
[WhiteElo "1882"]
[BlackElo "1972"]
[PlyCount "54"]
[EventDate "2025.08.02"]
[EventType "swiss"]
[EventRounds "9"]
[EventCountry "GBR"]
[SourceTitle "BritBase"]
[Source "John Saunders"]
[SourceDate "2025.08.11"]
[SourceVersion "1"]
[SourceVersionDate "2025.08.11"]
[SourceQuality "1"]

1. Nf3 d5 2. g3 Nd7 3. d4 Nb6 4. Nc3 Bf5 5. Nh4 Bg4 6. h3 Bh5 7. g4 e6 8. Ng2 Bg6 9. Nf4 Nf6 10. Bg2 Be7 11. O-O O-O 12. Nxg6 hxg6 13. a4 a5 14. e4 dxe4 15. Nxe4 c6 16. c3 Qc7 17. Re1 Rad8 18. Qb3 Nbd5 19. Ng5 Bd6 20. Nf3 Bf4 21. Ne5 Nd7 22. Nd3 Bxc1 23. Raxc1 g5 24. Bxd5 exd5 25. Qa3 Rfe8 26. Re7 Qc8 27. Rce1 Rxe7 1/2-1/2

[Event "GBR-ch111 Major Open"]
[Site "Liverpool"]
[Date "2025.08.06"]
[Round "5.21"]
[White "Lukhi, Neev"]
[Black "Skettos, Nicolas"]
[Result "0-1"]
[WhiteElo "1869"]
[BlackElo "1968"]
[PlyCount "70"]
[EventDate "2025.08.02"]
[EventType "swiss"]
[EventRounds "9"]
[EventCountry "GBR"]
[SourceTitle "BritBase"]
[Source "John Saunders"]
[SourceDate "2025.08.11"]
[SourceVersion "1"]
[SourceVersionDate "2025.08.11"]
[SourceQuality "1"]

1. d4 Nf6 2. Bf4 e6 3. e3 d5 4. Nf3 Bd6 5. Ne5 O-O 6. Nd2 c5 7. c3 b6 8. a4 Qc7 9. Be2 Ba6 10. Bxa6 Nxa6 11. Qe2 Nb8 12. O-O Nc6 13. Ndf3 Ne4 14. Qb5 Nxe5 15. dxe5 Be7 16. Qe2 c4 17. Nd4 Nc5 18. Bg3 Qd7 19. Qc2 a6 20. b3 cxb3 21. Nxb3 Nxa4 22. Nd4 b5 23. f4 Rac8 24. Qe2 g6 25. Qg4 Rxc3 26. f5 exf5 27. Nxf5 Kh8 28. Qd4 Bc5 29. e6+ Bxd4 30. exd7 gxf5 31. Rxf5 Rxe3 32. Bf2 Bxa1 33. Rxf7 Ree8 34. Bh4 Bd4+ 35. Bf2 Re1# 0-1

[Event "GBR-ch111 Major Open"]
[Site "Liverpool"]
[Date "2025.08.06"]
[Round "5.22"]
[White "Brown, Tom"]
[Black "Ding, Yiwen"]
[Result "1/2-1/2"]
[WhiteElo "1961"]
[BlackElo "1844"]
[PlyCount "171"]
[EventDate "2025.08.02"]
[EventType "swiss"]
[EventRounds "9"]
[EventCountry "GBR"]
[SourceTitle "BritBase"]
[Source "John Saunders"]
[SourceDate "2025.08.11"]
[SourceVersion "1"]
[SourceVersionDate "2025.08.11"]
[SourceQuality "1"]

1. d4 d5 2. c4 dxc4 3. Nf3 Nf6 4. e3 e6 5. Bxc4 c5 6. O-O a6 7. a4 Nc6 8. Qe2 cxd4 9. Rd1 Be7 10. exd4 O-O 11. Nc3 Nb4 12. Bg5 h6 13. Bh4 Nbd5 14. Ne5 Re8 15. Qf3 Rf8 16. Bb3 Qb6 17. Bxd5 exd5 18. Bxf6 Qxf6 19. Nxd5 Qd6 20. Nc4 Qd8 21. Nxe7+ Qxe7 22. Nb6 Rb8 23. Nxc8 Rbxc8 24. Qb3 Rfd8 25. Rd2 Rd6 26. d5 Re8 27. h3 Qg5 28. Rad1 b6 29. Qd3 a5 30. Qf3 Red8 31. Qe4 R8d7 32. Rd3 Re7 33. Qd4 Red7 34. Qc4 Qd8 35. b3 Kf8 36. Qe4 Kg8 37. Qe5 Re7 38. Qd4 Red7 39. Qe5 Re7 40. Qf5 Red7 41. Qf4 Rxd5 42. Rxd5 Rxd5 43. Rxd5 Qxd5 44. Qb8+ Kh7 45. Qxb6 Qd1+ 46. Kh2 Qd2 47. Qe3 Qb4 48. Qd3+ Kg8 49. g3 g6 50. Qd5 h5 51. h4 Qc3 52. Kg2 Kg7 53. Kf1 Qc1+ 54. Ke2 Qc2+ 55. Ke3 Qc3+ 56. Qd3 Qe5+ 57. Kd2 Qb2+ 58. Qc2 Qd4+ 59. Ke2 Qe5+ 60. Kf1 Kg8 61. Qd2 Qc5 62. Kg1 Kg7 63. Qd3 Qb4 64. Kf1 Kg8 65. Ke2 Qg4+ 66. Kd2 Qb4+ 67. Qc3 Qd6+ 68. Kc2 Qb6 69. Qd2 Qc5+ 70. Kb2 Kh7 71. b4 axb4 72. Kb3 Qb6 73. Qxb4 Qxf2 74. Qf4 Qb6+ 75. Kc3 Qc5+ 76. Kd3 Qd5+ 77. Ke3 Qb3+ 78. Kf2 Qc2+ 79. Kg1 Qd1+ 80. Kh2 Qe2+ 81. Kh3 Qe6+ 82. Kg2 Qe2+ 83. Qf2 Qe4+ 84. Kh2 Qxa4 85. Qxf7+ Kh6 86. Qf8+ 1/2-1/2

[Event "GBR-ch111 Major Open"]
[Site "Liverpool"]
[Date "2025.08.06"]
[Round "5.23"]
[White "Liu, Jacob"]
[Black "Joseph, Patrick"]
[Result "0-1"]
[WhiteElo "1859"]
[BlackElo "1959"]
[PlyCount "62"]
[EventDate "2025.08.02"]
[EventType "swiss"]
[EventRounds "9"]
[EventCountry "GBR"]
[SourceTitle "BritBase"]
[Source "John Saunders"]
[SourceDate "2025.08.11"]
[SourceVersion "1"]
[SourceVersionDate "2025.08.11"]
[SourceQuality "1"]

1. e4 e5 2. Nf3 Nc6 3. Bc4 Bc5 4. c3 Nf6 5. d3 h6 6. Nbd2 d6 7. h3 g5 8. Nf1 Qe7 9. Be3 Bb6 10. a4 Be6 11. Bxe6 Qxe6 12. b4 Bxe3 13. Nxe3 d5 14. exd5 Nxd5 15. Nxd5 Qxd5 16. b5 Ne7 17. O-O O-O 18. Re1 Ng6 19. Qc2 Rfe8 20. Re3 Re7 21. Rae1 Rae8 22. c4 Qd7 23. Nh2 Kg7 24. Nf1 f5 25. Ng3 f4 26. Nh5+ Kf7 27. Re4 g4 28. d4 gxh3 29. dxe5 Qg4 30. Nxf4 Nxf4 31. g3 h2+ 0-1